| 000 | 00782nam a2200265 a 4500 | ||
|---|---|---|---|
| 001 | 74759 | ||
| 003 | BD-RjUL | ||
| 005 | 20211209082609.0 | ||
| 008 | 170511m19571948nyua 001 0 eng d | ||
| 020 | _a047136469X | ||
| 035 | _a(BD-RjUL)74977 | ||
| 040 |
_aUkOxU _beng _cBD-RjUL _dBD-RjUL |
||
| 041 | _aeng | ||
| 082 |
_223 _a531 _bHAM 1965 |
||
| 100 | 1 |
_aHayden, Wayne _9212912 |
|
| 245 | 1 | 0 |
_aMechanical behavior / _cWayne Hayden , William G. Moffat and John Wulff |
| 260 |
_aNew York : _bjohn wiley & sons, _c1965 |
||
| 300 |
_ax,247 p. : _bill ; _c24 cm |
||
| 490 | 1 |
_aSrtucture and propaties of Marials ; _vV- 4 |
|
| 500 | _aIncludes Index. | ||
| 650 | 0 |
_a Materials. _9212983 |
|
| 650 | 0 |
_aPolymers _9225444 |
|
| 830 | 0 |
_aHigh polymers ; _vv. 6 _9228569 |
|
| 942 |
_2ddc _cBK |
||
| 999 |
_c74759 _d74759 |
||